| 000 | 00400nam a22001457a 4500 | ||
|---|---|---|---|
| 082 | _aP-473 | ||
| 100 |
_aSohail Ahmad Raza _948269 |
||
| 245 |
_aAutomation of stiffness method in Matlab _csohail ahmad raza, hassan zaheer |
||
| 260 |
_aRisalpur _bMCE _c2011 |
||
| 300 | _axi, 53 P.: | ||
| 526 |
_a0 _b0 _c0 _dP_473 |
||
| 650 | _aProject | ||
| 700 |
_aMaj Dr. Muhammad Rizwan _948119 |
||
| 942 |
_2ddc _cBK |
||
| 999 |
_c551264 _d551264 |
||